Paroles - Il venait d'avoir 18 ans Dalida - Statistiques

Statistiques générales
  • Ce quiz a été pris 538 fois
  • Le résultat moyen est 151 sur 188
Statistiques - réponses
Hint Réponse % Correct
18
100%
à
100%
ans
100%
d'avoir
100%
Couplet 1 il
100%
Couplet 2 | Couplet 3 Il
100%
venait
100%
et
99%
un
99%
de
98%
en
98%
beau
97%
comme
97%
enfant
97%
était
97%
le
96%
homme
95%
l'a
94%
la
94%
m'a
92%
ma
92%
mes
92%
plus
92%
fort
91%
c'était
89%
cheveux
89%
j'ai
89%
" j'ai
89%
je
89%
noir
89%
peu
89%
sur
89%
yeux
89%
ça
88%
que
87%
sa
87%
dit
86%
mis
86%
pas
86%
fait
85%
se
85%
rire
83%
bel
82%
si
80%
toi "
80%
envie
79%
par
79%
au
78%
deux
78%
fois
78%
l'ordre
78%
voyant
78%
argument
76%
j'avais
76%
jeunesse
75%
évidemment
74%
moi
74%
nuits
74%
cinéma
72%
mal
72%
pour
72%
avait
70%
d'automne
70%
les
70%
l'été
70%
ne
70%
rendait
70%
vu
70%
oublié
69%
s'est
69%
approché
67%
quand
67%
avec
66%
presque
66%
quoi
65%
victoire,
65%
habitude
64%
insolent
64%
j'aurai
64%
n'importe
64%
séduire
64%
infernale
63%
d'amour
62%
sont
62%
certitude
61%
compté
59%
donné
59%
mots
59%
parlé
59%
dérisoires
58%
simplement
58%
lit
57%
pensait
55%
ciel
53%
d'un
53%
Herbe
53%
improvisé
53%
Blé
52%
candeur
51%
l'ai
51%
solitude
51%
superbe
51%
qu'il
50%
creux
49%
découvert
49%
faire
49%
émerveillée
48%
laissé
48%
retenir
48%
sans
48%
partir
47%
voulu
45%
rhabillait
44%
geste
43%
pendant
43%
pourtant
43%
retrouvais
42%
déjà
38%
vaincue
34%
Aucun quiz correspondant
Distribution des résultats
% des personnes avec chaque résultat
Percentile par nombre de réponses
Votre historique - résultats
Vous n’avez pas pris ce quiz